Central Library OPAC University of Rajshahi

A Descriptive Catalogue of Sanskrit Manuscripts of Rajshahi College Bangladesh / (Record no. 74327)

MARC details
000 -LEADER
fixed length control field 00692nam a2200217 a 4500
001 - CONTROL NUMBER
control field 74327
003 - CONTROL NUMBER IDENTIFIER
rucl marc code BD-RjUL
005 - DATE AND TIME OF LATEST TRANSACTION
control field 20211209082534.0
008 - FIXED-LENGTH DATA ELEMENTS--GENERAL INFORMATION
fixed length control field 180709s2 ii ad||| |||| 00| 0 eng d
020 ## - INTERNATIONAL STANDARD BOOK NUMBER
International Standard Book Number 9789385908576
Terms of availability Tk.498.00
035 ## - SYSTEM CONTROL NUMBER
System control number (BD-RjUL)74545
040 ## - CATALOGING SOURCE
Original cataloging agency BD-RjUL
Language of cataloging eng
Transcribing agency BD-RjUL
041 ## - LANGUAGE CODE
Language code of text/sound track or separate title ben
082 ## - DEWEY DECIMAL CLASSIFICATION NUMBER
Edition number 23
Classification number 025.3412'912
Author mark and year CHD 2018
100 1# - MAIN ENTRY--PERSONAL NAME
Personal name Chowdhury, Manjula
9 (RLIN) 221679
245 13 - TITLE STATEMENT
Title A Descriptive Catalogue of Sanskrit Manuscripts of Rajshahi College Bangladesh /
Statement of responsibility, etc. Manjula Chowdhury,
260 ## - PUBLICATION, DISTRIBUTION, ETC. (IMPRINT)
Place of publication, distribution, etc. India :
Name of publisher, distributor, etc. Purushottam Pub ,
Date of publication, distribution, etc. 2018
300 ## - PHYSICAL DESCRIPTION
Pagination 282 p. :
Illustrations iii ;
Size 22 cm.
650 ## - SUBJECT ADDED ENTRY--TOPICAL TERM
Topical term or geographic name as entry element Sanskrit Munuscript
Form subdivision Descripttive Catalogue
9 (RLIN) 221680
942 ## - ADDED ENTRY ELEMENTS (KOHA)
Source of classification or shelving scheme Dewey Decimal Classification
Koha item type Reference
Holdings
Lost status Source of classification or shelving scheme Damaged status Not for loan Collection code Permanent Location Current Location Shelving location Date acquired Source of acquisition Cost, normal purchase price Total Checkouts Full call number Date last seen Copy number Koha item type
  Dewey Decimal Classification   Not For Loan Reference Central Library, University of Rajshahi Central Library, University of Rajshahi Reading Room 08/05/2018 Author 0.00   R 025.3412'912 CHD 2018 09/07/2018 C-1 Books
  Dewey Decimal Classification     Reference Central Library, University of Rajshahi Central Library, University of Rajshahi   08/05/2018 Author 0.00   R 025.3412'912 CHD 2018 09/07/2018 C-2 Books
  Dewey Decimal Classification     Reference Central Library, University of Rajshahi Central Library, University of Rajshahi   08/05/2018 Author 0.00   R 025.3412'912 CHD 2018 09/07/2018 C-3 Books
  Dewey Decimal Classification     Reference Central Library, University of Rajshahi Central Library, University of Rajshahi   08/05/2018 Author 0.00   R 025.3412'912 CHD 2018 09/07/2018 C-4 Books
  Dewey Decimal Classification     Reference Central Library, University of Rajshahi Central Library, University of Rajshahi   08/05/2018 Author 0.00   R 025.3412'912 CHD 2018 09/07/2018 C-5 Books